Reality transformed : (Record no. 126840)

MARC details
000 -LEADER
campo de control de longitud fija 01978nam a22002297a 4500
003 - IDENTIFICADOR DE NÚMERO DE CONTROL
campo de control BJBSDDR
005 - FECHA Y HORA DE LA ÚLTIMA TRANSACCIÓN
campo de control 20260417134450.0
007 - CAMPO FIJO DE DESCRIPCIÓN FÍSICA--INFORMACIÓN GENERAL
campo de control de longitud fija ta
008 - DATOS DE LONGITUD FIJA--INFORMACIÓN GENERAL
campo de control de longitud fija 260417s2000 ||||| |||| 00| 0 eng d
020 ## - NÚMERO INTERNACIONAL ESTÁNDAR DEL LIBRO
Número Internacional Estándar del Libro 9780262692489
020 ## - NÚMERO INTERNACIONAL ESTÁNDAR DEL LIBRO
Número Internacional Estándar del Libro 0262692481
040 ## - FUENTE DE CATALOGACIÓN
Lengua de catalogación spa
Centro/agencia transcriptor BJBSDDR
041 ## - CÓDIGO DE IDIOMA
Código de lengua del texto/banda sonora o título independiente spa
050 ## - SIGNATURA TOPOGRÁFICA DE LA BIBLIOTECA DEL CONGRESO
Número de ítem Si617 2000
100 1# - ENTRADA PRINCIPAL--NOMBRE DE PERSONA
Nombre de persona Singer, Irving
9 (RLIN) 47998
245 10 - MENCIÓN DEL TÍTULO
Título Reality transformed :
Resto del título film as meaning and technique /
Mención de responsabilidad, etc. Irving Singer
260 ## - PUBLICACIÓN, DISTRIBUCIÓN, ETC.
Lugar de publicación, distribución, etc. Massachusetts :
Nombre del editor, distribuidor, etc. The MIT Press, Cambridge,
Fecha de publicación, distribución, etc. 2000
300 ## - DESCRIPCIÓN FÍSICA
Extensión xii, 216 pages :
Otras características físicas illustrations ;
Dimensiones 23 cm
520 ## - RESUMEN, ETC.
Sumario, etc. For the last thirty years film theory has been dominated by "grand theories" that examine motion pictures from a psychoanalytic, semiotic, or Marxist point of view. Few American philosophers have written about the nature and aesthetics of cinema. In Reality Transformed Irving Singer offers a new approach to the philosophy of film. Returning to the classical debate between realists and formalists, he shows how the opposing positions may be harmonized and united. He accepts the realist claim that films somehow "capture" reality, but agrees with the formalist belief that they transform it. Extending his earlier work on meaning in art and life, he suggests that the meaningfulness of movies derives from techniques that re-create reality in the process of presenting it to viewers who have learned how to appreciate the aesthetics of cinematic transformation.<br/>Singer concentrates on questions about appearance and reality, the visual and the literary, and the interplay between communication as a goal and alienation as a hazard in films of every sort. In three exemplary chapters, he provides suggestive readings of Woody Allen's The Purple Rose of Cairo, Luchino Visconti's Death in Venice, and Jean Renoir's The Rules of the Game. Reality Transformed will interest the general reader as well as students in all fields related to film studies.
942 ## - ELEMENTOS DE ENTRADA SECUNDARIOS (KOHA)
Fuente del sistema de clasificación o colocación Clasificación de Library of Congress
Suprimir en OPAC No
Tipo de ítem Koha Libro
946 ## - PROCESAMIENTO DE INFORMACIÓN LOCAL (OCLC)
Iniciales del agente catalogador cmc
Holdings
Estatus retirado Estado de pérdida Fuente del sistema de clasificación o colocación Estado de daño No para préstamo Colección Biblioteca de origen Biblioteca actual Ubicación en estantería Fecha de adquisición Signatura topográfica completa Código de barras Visto por última vez Copia número Tipo de ítem Koha
    Clasificación de Library of Congress     Automatización y Procesos Técnicos Biblioteca Juan Bosch Biblioteca Juan Bosch Automatización y Procesos Técnicos (1er. Piso) 17/04/2026 Si617 2000 00000198970 17/04/2026 1 Libro